al-hafair al-Faransiyah fi Misr.

محفوظ في:

مؤلف مشترك: Institut français d’archéologie orientale Le Caire.

التنسيق: كتاب

اللغة: Arabic

منشور في: al-Qahirah : al-mahad al-Faransi Lil-athar al-sharqiyah, 2020.

سلاسل: Bibliothèque générale, ISSN 1110-2470 ; 61.

الموضوعات:

الوسوم: إضافة وسم

لا توجد وسوم, كن أول من يضع وسما على هذه التسجيلة!

رقم الطلب: DT56.9 .F312 2020

LEADER 00883nam a2200229Ia 4500
003 OSt
005 20230223141232.0
008 220611s2020 ua ae 000 0 ara
952 |0 0  |1 0  |2 lcc  |4 0  |6 DT00569 F312 02020  |7 1  |9 45654  |a ARCE  |b ARCE  |d 2023-02-23  |l 0  |o DT56.9 .F312 2020  |p 1015412  |r 2023-02-23 00:00:00  |w 2023-02-23  |y BK 
999 |c 47663  |d 47663 
020 |a 9782724707724 
040 |c ARCE Library 
050 4 |a DT56.9 .F312 2020 
245 0 |a al-hafair al-Faransiyah fi Misr. 
264 1 |a al-Qahirah :   |b al-mahad al-Faransi Lil-athar al-sharqiyah,   |c 2020. 
300 |a xv, 218 pages :   |b illustrations, plans ;   |c 29 cm. 
490 0 |a Bibliothèque générale, ISSN 1110-2470 ;   |v 61. 
504 |a Includes bibliographical references. 
650 0 |a Tombs   |z Egypt   |x Antiquities. 
710 1 |a Institut français d’archéologie orientale Le Caire. 
901 |a reviewed 
942 |2 lcc  |c BK